| 000 | 00794cab a2200229 4500 | ||
|---|---|---|---|
| 001 | WB2906-12 | ||
| 008 | 090401t1993 xxu||||| |||| 00| 0 eng d | ||
| 035 | _a(Sirsi) u48416 | ||
| 041 | _aeng | ||
| 245 | _aLesson of 1972 rent freeze | ||
| 260 | _c1993 | ||
| 350 | _a0 | ||
| 490 |
_aDaily Telegraph _v9 February 1993, 23(1) |
||
| 520 | _aConsiders the lessons of the rent freeze on commercial property introduced in 1972, at a time of rising inflation. Asks whether the present Chancellor should introduce a freeze ruling that no commercial property should be let at a lower rent than previously. | ||
| 650 | _aOFFICE RENTS | ||
| 650 | _aOVERSUPPLY | ||
| 650 | _aRECESSION | ||
| 650 | _aRENT FREEZE | ||
| 690 | _aPROPERTY-COMMERCIAL PROPERTY | ||
| 942 | _n0 | ||
| 948 | _c04/03/1997 | ||
| 999 |
_c30418 _d30418 |
||